000 00648nam a2200241Ia 4500
005 20250508162653.0
008 008 250505s9999 xx 000 0 eng d
020 _a1-85000-021-2
037 _aTextual
040 _aFEDL
_beng
_cFEDL
041 _aeng
_2eng
084 _a450, EYS
_qFEDL
100 _aModgil Sohan Ed.
245 0 _aHans Eysenck: Consensus and controversy
260 _aPhiladelphia
_bThe Falmer Press
_c1986
300 _aix,421p.
365 _aGBP
_b35
490 _aPsychology
650 _aPsychology
700 _a Modgil Celia Ed.
_9773767
942 _cTEXL
_h450, EYS
999 _c1377957
_d1377957